Microsoft Windows xp 2005 prfessional. Disc 2 /
Gardado en:
| Autor Corporativo: | |
|---|---|
| Formato: | CD |
| Idioma: | Vietnamese |
| Các nhãn: |
Engadir etiqueta
Sen Etiquetas, Sexa o primeiro en etiquetar este rexistro!
|
| Thư viện lưu trữ: | Thư viện Trường Đại học Đà Lạt |
|---|
| LEADER | 00574nam a2200253 4500 | ||
|---|---|---|---|
| 001 | DLU060056940 | ||
| 005 | ##20061127 | ||
| 040 | # | # | |a DLU |b vie |
| 041 | # | # | |a vie |
| 044 | # | # | |a vn |
| 082 | # | # | |a 005.446 |b Mic |
| 110 | # | # | |a Microsoft |
| 245 | # | # | |a Microsoft Windows xp 2005 prfessional. |n Disc 2 / |c Microsoft |
| 256 | # | # | |a 4 3/4 in. |
| 300 | # | # | |a 1 đĩa CD-ROM 4 3/4 in. |
| 992 | # | # | |a 10.000 |
| 994 | # | # | |a DLU |
| 900 | # | # | |a True |
| 911 | # | # | |a Nguyễn Xuân Phương |
| 925 | # | # | |a CD |
| 926 | # | # | |a A |
| 927 | # | # | |a CD |
| 980 | # | # | |a Thư viện Trường Đại học Đà Lạt |